000 00241nam a22000857a 4500
008 161111b xxu||||| |||| 00| 0 eng d
100 _91156
_amotihar.h. d
245 _athe wonderful world of insects
260 _anew delhi
_bnational book trust
_c2005
999 _c3816
_d3816